000
00212 a2200097 4500
001
26013
100
_a
Hult J
245
_a
Mechanics of visco elastic media
260
_a
_b
McGraw-Hill
_c
090
_c
17608
_d
17608
942
_a
NUST-CAE
_c
M
_c
8456
999
_c
261086
_d
261086